LIBRARY & INFORMATION CENTRE, KCAET, TAVANUR

ONLINE PUBLIC ACCESS CATALOGUE (OPAC)

Indian books in print vol-3 / (Record no. 8666)

MARC details
000 -LEADER
fixed length control field 00469cam a2200181ua 4500
020 ## - INTERNATIONAL STANDARD BOOK NUMBER
ISBN 81 85004 08 0
041 ## - LANGUAGE CODE
Language code of text/sound track or separate title eng
082 ## - DEWEY DECIMAL CLASSIFICATION NUMBER
Classification number 028.75011
Item number SHE/IN
100 ## - MAIN ENTRY--AUTHOR NAME
Personal name Shersingh, .
245 ## - TITLE STATEMENT
Title Indian books in print vol-3 /
250 ## - EDITION STATEMENT
Edition statement 1 /
260 ## - PUBLICATION, DISTRIBUTION, ETC. (IMPRINT)
Place of publication Delhi :
Name of publisher Indian bibliographies Bureau ,
Year of publication 1986.
300 ## - PHYSICAL DESCRIPTION
Number of Pages 768 ; .
942 ## - ADDED ENTRY ELEMENTS (KOHA)
Koha item type Books
Holdings
Withdrawn status Lost status Damaged status Home library Current library Date acquired Full call number Accession Number Koha item type
      KAUAET   09/03/1987 028.75011 16063 Books
free website counter